000 00311nam a2200157Ia 4500
100 _aSubramanian/Raja
650 _aMechanics
942 _cBK
366 _f20
245 _aFluid mechanics
260 _bJaico
_c2010
082 _a532
_bSUB
300 _a292
546 _aENGLISH
_cInfo.Tech
999 _c28890
_d28890